<?xml version="1.0" encoding="UTF-8"?><?xml-stylesheet type="text/xsl" href="static/style.xsl"?><OAI-PMH xmlns="http://www.openarchives.org/OAI/2.0/" xmlns:xsi="http://www.w3.org/2001/XMLSchema-instance" xsi:schemaLocation="http://www.openarchives.org/OAI/2.0/ http://www.openarchives.org/OAI/2.0/OAI-PMH.xsd"><responseDate>2026-04-13T01:21:17Z</responseDate><request verb="GetRecord" identifier="oai:www.recercat.cat:10256/7450" metadataPrefix="marc">https://recercat.cat/oai/request</request><GetRecord><record><header><identifier>oai:recercat.cat:10256/7450</identifier><datestamp>2024-06-06T10:06:57Z</datestamp><setSpec>com_2072_452966</setSpec><setSpec>com_2072_2054</setSpec><setSpec>col_2072_452967</setSpec></header><metadata><record xmlns="http://www.loc.gov/MARC21/slim" xmlns:dcterms="http://purl.org/dc/terms/" xmlns:xsi="http://www.w3.org/2001/XMLSchema-instance" xmlns:doc="http://www.lyncode.com/xoai" xsi:schemaLocation="http://www.loc.gov/MARC21/slim http://www.loc.gov/standards/marcxml/schema/MARC21slim.xsd">
   <leader>00925njm 22002777a 4500</leader>
   <datafield ind2=" " ind1=" " tag="042">
      <subfield code="a">dc</subfield>
   </datafield>
   <datafield ind2=" " ind1=" " tag="720">
      <subfield code="a">Fares, Mohamed</subfield>
      <subfield code="e">author</subfield>
   </datafield>
   <datafield ind2=" " ind1=" " tag="260">
      <subfield code="c">2012-09</subfield>
   </datafield>
   <datafield ind2=" " ind1=" " tag="520">
      <subfield code="a">El present treball pretén modelitzar i simular el motor d’inducció trifàsic en règim transitori amb PSIM 6.0 Demo(la versió del programa que s’utilitza actualment a l’Escola Politècnica Superior de la UdG), però també s’estudia el model en règim permanent, per tal de comparar a nivell teòric els resultats dels dos règims. Primer cal entendre i implementar el model del motor d’inducció, i així obtenir l'esquema equivalent en règim transitori, per després poder-lo simular. Abans de dur a terme la simulació, cal obtenir els paràmetres del circuit equivalent del motor real per introduir-los al programa informàtic, amb la finalitat de tenir precisió en les respostes. Aquests valors s’obtindran mitjançant assajos necessaris al laboratori. Posteriorment, es fan simulacions i pràctiques reals amb el motor treballen en diferents condicions per veure el seu comportament, i així poder comparar els resultats de la simulació amb els valors reals. També s’implementa un estudi de la influencia dels paràmetres interns en el funcionament del motor. Així es podrà visualitzar i comparar les respostes de diferents variables en cadascunes de les simulacions que es duguin a terme. Finalment, seria interessant la introducció de la màquina d’inducció trifàsica actuant com a generador en la simulació.&#xd;
Aquest és un estudi en el qual se simula la màquina d'inducció trifàsic en règim transitori i en règim permanent mitjançant l'ús del PSIM, que és el programa informàtic de simulació</subfield>
   </datafield>
   <datafield ind1="8" ind2=" " tag="024">
      <subfield code="a">http://hdl.handle.net/10256/7450</subfield>
   </datafield>
   <datafield tag="653" ind2=" " ind1=" ">
      <subfield code="a">Motors elèctrics d'inducció</subfield>
   </datafield>
   <datafield tag="653" ind2=" " ind1=" ">
      <subfield code="a">Simulació per ordinador</subfield>
   </datafield>
   <datafield tag="653" ind2=" " ind1=" ">
      <subfield code="a">Electric motors, Induction</subfield>
   </datafield>
   <datafield tag="653" ind2=" " ind1=" ">
      <subfield code="a">Computer simulation</subfield>
   </datafield>
   <datafield ind2="0" ind1="0" tag="245">
      <subfield code="a">Modelització i simulació del motor d'inducció en règim transitori amb PSIM</subfield>
   </datafield>
</record></metadata></record></GetRecord></OAI-PMH>